Last country who occupied a country - Statistics

General Stats
  • This quiz has been taken 40 times
  • The average score is 14 of 15
Answer Stats
Hint Answer % Correct
Poland Germany
100%
Mongolia China
97%
Armenia Russia
97%
DRC Belgium
94%
Angola Portugal
94%
Chile Spain
94%
Greece Turkey
94%
Japan USA
94%
Bangladesh Pakistan
91%
Vietnam France
89%
Suriname Netherlands
86%
Oman UK
86%
Croatia Serbia
83%
Albania Italy
77%
Philippines Japan
74%
No matching quizzes found
Score Distribution
Percent of People with Each Score
Percentile by Number Answered
Your Score History
You have not taken this quiz